LEADER 00748nam0-22002771i-450- 001 990002547050403321 035 $a000254705 035 $aFED01000254705 035 $a(Aleph)000254705FED01 035 $a000254705 100 $a20000920d1980----km-y0itay50------ba 101 0 $aENG 200 1 $aElliptic Functions and Applications$fDerek F. Lawden. 210 $aNew York$cSpringer Verlag$d1980. 215 $a334 p.$d25 cm 610 0 $aFunzioni speciali 676 $a519 700 1$aLawden,$bDerek F.$01180 801 0$aIT$bUNINA$gRICA$2UNIMARC 901 $aBK 912 $a990002547050403321 952 $aMIX-B-48$b1256$fMAS 959 $aMAS 996 $aElliptic functions and applications$983409 997 $aUNINA DB $aING01 LEADER 00981nmm0-2200289---450- 001 990009458140403321 005 20111019162522.0 035 $a000945814 035 $aFED01000945814 035 $a(Aleph)000945814FED01 035 $a000945814 100 $a20111019d1989----km-y0itay50------ba 101 0 $aita 200 1 $a<>cavalli dell'isola di smeraldo$bVideoregistrazione$eun ritratto romantico dell'Irlanda, della sua gente e dei suoi amati cavalli$funa produzione National Geographic Society e WQED 210 $aMilano$cStarlight$dc1989 215 $a1 videocassetta (VHS) (ca. 60 min.)$ccol., son. 225 1 $aNational geographic video$v1027 610 0 $aCavalli$aIrlanda 676 $a791.43 710 02$aNational Geographic Society$0324924 801 0$aIT$bUNINA$gRICA$2UNIMARC 901 $aVM 912 $a990009458140403321 952 $aIV C 246.1027$b10431$fDMVSF 959 $aDMVSF 996 $aCavalli dell'isola di smeraldo$9761399 997 $aUNINA LEADER 01367nam2-2200433---450- 001 990002822810203316 005 20151006135054.0 010 $a972-27-0851-1 035 $a000282281 035 $aUSA01000282281 035 $a(ALEPH)000282281USA01 035 $a000282281 100 $a20061004g19999999m y0pory0103 ba 101 0 $aeng 102 $aPT 105 $a||||||||001yy 200 1 $a<> mad fiddler$fFernando Pessoa$ged. Marcus Angioni, Fernando Gomes 210 $aLisboa$cImp. Nac.-Casa da Moeda,$d1999 215 $a249 p.$d25 cm 225 2 $aEdição crítica de Fernando Pessoa$v5,$iSérie maior 410 0$12001$aEdição crítica de Fernando Pessoa$v5 454 1$12001 461 1$1001816614$12001$aPoemas ingleses 700 1$aPESSOA,$bFernando$f<1888-1935>$0329680 702 1$aANGIONI,$bMarcus 702 1$aGOMES,$bFernando 801 0$aPT$bBN$gISBD$gRPC 912 $a990002822810203316 951 $aIII.6.COLL.1/5.3$b7322 DSLL 959 $aBK 969 $aDSLL 979 $aDSLL1$b90$c20061004$lUSA01$h1627 979 $aDSLL1$b90$c20061004$lUSA01$h1631 979 $aDSLL1$b90$c20061004$lUSA01$h1632 979 $aDSLL1$b90$c20061013$lUSA01$h0952 979 $aDSLL1$b90$c20070313$lUSA01$h1614 979 $aPATRY$b90$c20151006$lUSA01$h1350 996 $aMad fiddler$9994426 997 $aUNISA